Handbook of automobiles: 1925

Saved in:
Bibliografiske detaljer
Institution som forfatter: Association of Licensed Automobile Manufacturers (Author)
Format: Bog
Sprog:engelsk
Udgivet: Nueva York Dover 1970
Fag:
Tags: Tilføj Tag
Ingen Tags, Vær først til at tagge denne postø!

MARC

LEADER 00000nam a2200000 a 4500
001 UCZ7415
003 CL-VaPUC
008 960105e19700000US |||||||||||||||||eng|d
082 0 4 |a 629.2  |b ASS  |2 21 
110 2 |a Association of Licensed Automobile Manufacturers  |e author  |9 352285 
245 1 0 |a Handbook of automobiles: 1925 
300 |a 206 p 
942 |c BK 
945 |d 19960105 00:00:00  |a rleighto 
260 |a Nueva York  |b Dover  |c 1970 
650 0 |a Automóviles  |9 260871 
650 0 |a Manuales  |9 257144 
583 |a last modification  |c 19960105 00:00:00  |k Rodrigo Vera 
999 |c 243497  |d 243495 
952 |0 0  |1 0  |4 0  |6 629_200000000000000_ASS_1970  |7 0  |8 P  |9 257154  |a BIBARQ  |b BIBARQ  |d 2019-11-19  |i 3161072  |o 629.2 ASS 1970  |p 3161072  |r 2025-01-20  |w 2019-11-19  |y BK  |k ARQ